Statistiques concernant Culture générale : l'Alsace #2

Cliquez ici pour prendre le quiz!

Statistiques générales

  • Ce quiz a été pris 209 fois
  • Le résultat moyen est 10 sur 15

Statistiques - réponses

QuestionsRéponses% Correct
Citez un pays frontalier avec l'AlsaceAllemagne et Suisse
100%
Nombre de départements en Alsace2
98%
Fromage originaire de la ville de MunsterLe Munster
94%
Noms des gateaux de NoëlBredala/Bredele
80%
Chateau dominant le plaine d'alsaceLe chateau du Haut-Koenigsbourg
76%
Traduction française du mot "schmoutz"Bisous
74%
Plante nécessaire à la fabrication de la bière poussant en AlsaceLe Houblon
72%
Pilote de course originaire d'alsaceSébastien Loeb
71%
Citez l'un des deux jour férié supplémentaire que les Alsaciens ont26 décembre et Vendredi saint
70%
Entreprise automobile dont le siège social et l'usine sont situés a MolsheimBugatti
61%
Principauté possédant un chateau en AlsaceMonaco
47%
Ville fortifiée par VaubanNeuf-Brisach
36%
Citez une des régions naturelle d'AlsaceSundgau, Ried, Hardt, Alsace Bossue, Kochersberg ou bien Vosges centrale
34%
Village élu village préféré des Français en 2017Kaysersberg
32%
Principale ressource minière d'AlsaceLa Potasse
28%

Distribution des résultats

Percentile par nombre de réponses

% des personnes avec chaque résultat

Votre développement - résultats

Vous n’avez pas pris ce quiz